00648 2200229 4500001002100000005001700021008004100038035002400079082001100103090002100114100003100135245008600166250001100252260004600263300001900309650002400328850001500352980001500367985000600382999001500388999001500403YOGYA-0209000004185820090227025820.0 ind  0010-020900000041858 a342.02 a342.02bLem PlR aLEMBARA INFORMASI NASIONAL aPersandingan undang-undang dasar negara RI tahun 1945cLembaga Informasi nasional aCet. 1 aJakartabLembaga Informasi nasionalc2002 a107 hlmc21 cm aUndang-undang dasar aYOPDYOG(B) a27-06-2007 a2 a07A0022673 a07A0022674